000 00545nam a2200241Ia 4500
003 OSt
005 20220924145525.0
006 a|||||r|||| 00| 0
007 ta
008 TEL
020 _c2.00
024 _a329099
037 _cTextual
040 _aARTS
_cARTS
_bTEL
041 _2TEL
_aTEL
082 _a0111,3M76,2, 35J4
100 _aLondon
_9148933
245 0 _aUkkupadam
260 _c1954
650 _aENGLISH LITERATURE
942 _h0111,3M76,2, 35J4
_cTEXL
_2CC
999 _c460350
_d460350